[Event "27th CRO-chT 1B-Men 2018"]
[Site "Biograd"]
[Date "2018.09.21"]
[Round "5.21"]
[White "Bilobrk, Franjo"]
[Black "Dabo-Peranic, Robert"]
[Result "1-0"]
[WhiteElo "2360"]
[BlackElo "2284"]
[Annotator "TA"]
[PlyCount "81"]
[EventDate "2018.09.15"]
[EventType "team-tourn"]
[EventCountry "CRO"]
[SourceTitle "playchess.com"]
[Source "ChessBase"]
[SourceQuality "1"]

{[%evp 21,81,0,0,-21,-16,-16,0,-18,-18,-18,9,0,11,14,6,6,29,29,70,54,106,96,100,102,98,97,102,57,56,68,147,74,105,113,107,104,165,141,192,202,239,227,228,227,245,219,250,249,429,420,426,419,426,404,500,500,1497,1287,826,658,29997,29998]} 1. d4 d5 2. c4 dxc4 3. Nf3 Nf6 4. e3 e6 5. Bxc4 c5 6. O-O Nc6 7. Nc3 a6 8. a4 Be7 9. d5 exd5 10. Nxd5 O-O 11. Nxe7+ {D27: Queen's Gambit Accepted: Classical main line: 7 e4!? and 7 a4} Qxe7 {LiveBook: 3 Games} 12. h3 (12. b3 Rd8 13. Qc2 Nb4 14. Qe2 Ne4 15. Bb2 Bg4 16. Rad1 Ng5 17. Rxd8+ Rxd8 18. Rd1 h6 {1-0 (44) Yanchenko,R (2436)-Andreikin,D (2712) chess.com INT 2018}) 12... Bf5 13. Bd2 {The position is equal.} Rad8 14. Qe2 Nd5 $146 ({Predecessor:} 14... Ne4 15. Rfd1 Nxd2 16. Rxd2 Rxd2 17. Qxd2 Be4 18. Qe2 Nb4 {½-½ (27) Charkhalashvili,I (2205)-Goczo,M (2226) Litohoto 1999}) 15. Rfd1 Ndb4 16. Bc3 Bc2 17. Rxd8 Rxd8 18. Ne1 Be4 19. Qg4 {[%csl Gc3][%cal Rg4g7]} g6 20. Qf4 $1 {Threatens to win with Bf6.} Nd5 (20... g5 $14 21. Qf6 Qxf6 22. Bxf6 Rd6 23. Bxg5 Na5) 21. Bxd5 $1 $16 Rxd5 22. f3 $1 {[%cal Rf3e4]} Bd3 23. e4 $40 {[%mdl 128] White attacks with force.} Rd6 24. Qe3 ({Don't play} 24. Nxd3 $6 Rxd3 25. Bf6 Qd6 $11) 24... c4 25. Rd1 Qd7 {[#]} (25... Qd8 $14) 26. Kf2 ({Much less strong is} 26. Qh6 $6 f6 $11) (26. b3 $142 $1 {[%mdl 512]}) 26... f5 27. Nxd3 cxd3 28. exf5 gxf5 (28... Qxf5 $16 {might work better.} 29. Qe8+ Qf8 30. Qxf8+ Kxf8) 29. a5 h6 {[#]} (29... Kf7 $16 {was called for.} 30. g4 h6) 30. g4 $1 $18 Kh7 31. gxf5 Qxf5 32. Qe4 Qxe4 33. fxe4 {[%mdl 4096] Endgame KRB-KRN} Kg6 34. Ke3 Kh5 $2 (34... Kf7 {is a better defense.} 35. Rxd3 Rxd3+ 36. Kxd3 Ne7) 35. Rxd3 Rg6 36. Kf4 Rg1 37. Kf5 Rg5+ 38. Kf6 Rg6+ (38... Rg2 $142 39. Rd7 Rf2+ 40. Kg7 Rg2+ 41. Kh7 Rg6 42. Rd5+ Rg5) 39. Kf7 Rg2 40. Bf6 Rf2 {White must now prevent ...Ne5+.} 41. Rd5+ {Precision: White = 75%, Black = 17%.} 1-0

[Event "27th CRO-chT 1B-Men 2018"]
[Site "Biograd"]
[Date "2018.09.19"]
[Round "5.22"]
[White "Martic, Zlatko"]
[Black "Sinanovic, Muhamed"]
[Result "1-0"]
[WhiteElo "2244"]
[BlackElo "2339"]
[Annotator "TA"]
[PlyCount "109"]
[EventDate "2018.09.15"]
[EventType "team-tourn"]
[EventCountry "CRO"]
[SourceTitle "playchess.com"]
[Source "ChessBase"]
[SourceQuality "1"]

{[%evp 15,109,23,18,-13,-11,-15,-3,-12,-12,-127,-56,-70,-28,-42,-41,-53,-44,-43,-35,-39,-20,-39,-31,-42,-14,-18,-8,-9,-11,-18,-18,-15,-10,-44,-44,-44,-44,-44,-44,-44,-44,-52,-44,-46,-44,-44,-44,-44,-44,-44,-44,-44,-44,-44,-44,-44,-44,-35,-29,-29,-29,-57,-29,-39,-29,-70,99,113,120,120,122,109,153,123,158,154,306,312,299,298,537,556,516,529,839,652,837,816,1256,727,1457,1070,29989,29990,29990,29991]} 1. d4 e6 2. Nf3 Nf6 {[%cal Bg8f6,Bf6d7,Bd7c5,Bc5b3][%mdl 32]} 3. c4 Bb4+ 4. Nbd2 O-O 5. a3 Be7 6. e4 d6 {E11: Bogo-Indian} (6... d5 7. e5 Nfd7 8. Bd3 c5 9. O-O Nc6 10. Re1 a5 11. Qc2 h6 12. Nb3 dxc4 13. Bxc4 cxd4 14. Qe4 a4 15. Bxh6 axb3 16. Bxg7 Kxg7 17. Qg4+ Kh8 18. Qh5+ Kg7 19. Qg4+ Kh8 20. Qh5+ Kg7 21. Qg4+ {½-½ (21) Vitiugov,N (2740)-Tomashevsky,E (2714) Sochi 2018}) 7. Be2 Nfd7 8. Qc2 e5 {LiveBook: 3 Games. White has an edge.} 9. d5 a5 10. Nb1 $146 ({Predecessor:} 10. b3 Nc5 11. Rb1 f5 12. b4 axb4 13. axb4 Nxe4 14. Nxe4 fxe4 {½-½ (29) Simantsev,M (2464)-Plischki,S (2423) Orlova 2014}) 10... Nc5 11. Be3 Nba6 {[%cal Bb8a6,Ba6c5,Bc5b3][%mdl 32]} 12. Bd3 (12. O-O $11 {remains equal.}) 12... a4 (12... Nxd3+ $17 13. Qxd3 f5) 13. Nc3 Nb3 14. Rd1 Nac5 15. O-O Bg4 16. Be2 Bd7 17. Bd3 h6 18. Nd2 Bg5 19. Nxb3 Nxb3 20. Qe2 b6 21. Bc2 Nc5 22. Rde1 Bxe3 23. Qxe3 Qg5 24. Qxg5 (24. f4 {is interesting.} exf4 25. Rxf4 Rab8 26. Qf2 Qe7 27. Qe3) 24... hxg5 25. Re3 g6 26. h3 Kg7 {[%cal Bg8g7,Bg7f6,Bf6e7,Be7d8,Bd8c8,Bc8b7,Bb7a6,Ba6a5][%mdl 32]} 27. f3 Rh8 28. Bd1 Rh4 29. Rf2 f5 30. Rd2 Rah8 31. Re1 Kf6 32. Kf2 Ke7 33. Kg3 Kd8 34. Kf2 Kc8 35. Kg3 Kb7 36. Kf2 Ka6 37. Kg3 {[%cal Bf2g3,Bg3h2,Bh2g1][%mdl 32]} Rf8 38. Ree2 Ka5 39. Re1 Rf7 40. Kh2 Bc8 $2 {[#]} (40... fxe4 $15 41. Nxe4 Nxe4 42. Rxe4 Rff4) 41. Nxa4 $1 $16 {[%mdl 512]} Nd7 (41... Nxa4 42. b4+) 42. Nc3 Nf6 43. Kg1 Rfh7 44. b4+ Ka6 45. c5 g4 $2 (45... Kb7 $16 46. Be2 Kb8) 46. fxg4 $18 fxg4 47. Rf1 Nh5 $2 (47... Nxe4 48. Nxe4 gxh3) 48. Rf8 gxh3 {[#] And now ...h2+ would win.} 49. Bxh5 hxg2 50. Rxc8 R4xh5 51. c6 {[%cal Rc8a8]} b5 52. Rxg2 Rh3 53. Rxg6 {White wants to mate with Rgg8.} Rxc3 54. Rgg8 Rc1+ 55. Kg2 {Precision: White = 69%, Black = 39%.} 1-0

[Event "27th CRO-chT 1B-Men 2018"]
[Site "Biograd"]
[Date "2018.09.21"]
[Round "5.23"]
[White "Biliskov, Vjekoslav"]
[Black "Rubil, Marko"]
[Result "1-0"]
[WhiteElo "2292"]
[BlackElo "2201"]
[Annotator "TA"]
[PlyCount "55"]
[EventDate "2018.09.15"]
[EventType "team-tourn"]
[EventCountry "CRO"]
[SourceTitle "playchess.com"]
[Source "ChessBase"]
[SourceQuality "1"]

{[%evp 16,55,37,29,106,100,108,114,116,116,144,-27,-38,-18,0,-22,-7,-229,-223,-233,-146,-179,-162,-251,-212,-269,-146,-139,611,601,584,573,29991,29992,29992,29993,29995,29996,29996,29997,29997,29998]} 1. d4 Nf6 2. c4 g6 3. Nc3 Bg7 4. e4 d6 5. Nge2 O-O 6. Ng3 e5 7. d5 a5 8. Be2 Na6 {[%cal Bb8a6,Ba6b4,Bb4a2][%mdl 32]} 9. h4 {[%cal Bh2h4,Bh4h5][%mdl 32]} Qe8 {E70: King's Indian: Miscellaneous lines with 4 e4, including 5 Nge2 and 5 Bd3 0-0 6 Nge2} (9... h5 $1 $11) (9... h5 10. Bg5 Qe8 11. Qd2 Kh7 12. f3 Ng8 13. Nb5 b6 14. a3 Bd7 15. b4 f6 16. Be3 f5 17. exf5 gxf5 18. Bg5 e4 19. Rb1 exf3 20. gxf3 axb4 21. axb4 Bxb5 22. cxb5 {1-0 (35) Aronian,L (2794)-Naiditsch,A (2701) Karlsruhe/Baden-Baden 2018}) 10. h5 $1 $16 Nd7 11. Be3 $146 ({Predecessor:} 11. hxg6 fxg6 12. Be3 Ndc5 13. Qd2 Na4 14. Nd1 b6 15. b3 N4c5 16. Rb1 Nd7 17. Bg5 {1-0 (37) Svendsen,M (2163)-Kjolberg,J (1931) Odense 2011}) 11... Ndc5 {White is better.} 12. Qd2 Nb4 13. Bh6 $2 (13. Bxc5 $16 dxc5 14. a3) 13... Bxh6 $11 14. Qxh6 {White wants to mate with hxg6.} Qe7 {White must now prevent ...Nc2+.} 15. Qd2 Bd7 16. O-O-O $2 {[#]} (16. Rd1 $11 {and White is okay.}) 16... Nxa2+ $1 $19 {[%mdl 512]} 17. Kb1 (17. Nxa2 Nb3+) 17... Nb4 18. Rh2 Qf6 19. Rdh1 (19. f3 $142) 19... Qf4 ({Worse is} 19... Qxf2 20. hxg6 Qxg3 21. Rxh7 $11) 20. Qe3 {intending hxg6.} a4 ({Black should try} 20... g5 $19 21. h6 f6) 21. hxg6 $17 hxg6 $2 {[%mdl 8192] [#]} (21... Qxe3 $17 22. gxh7+ (22. fxe3 hxg6 23. Rh7 Nb3 $17) 22... Kh8 23. fxe3 Ra6) 22. Qxf4 $1 $18 ({Stronger than} 22. Rh8+ Kg7 $17) 22... exf4 {[#]} 23. e5 $1 {[%mdl 512] Threatening mate with Rh8+.} dxe5 24. Nge4 {White mates.} Nxe4 25. Nxe4 f5 26. Rh8+ Kf7 27. R1h7+ Ke8 28. Nf6+ {Precision: White = 47%, Black = 27%.} 1-0

[Event "27th CRO-chT 1B-Men 2018"]
[Site "Biograd"]
[Date "2018.09.19"]
[Round "5.24"]
[White "Matanovic, Luka"]
[Black "Zelic, Mladen"]
[Result "1/2-1/2"]
[WhiteElo "2252"]
[BlackElo "2266"]
[Annotator "TA"]
[PlyCount "120"]
[EventDate "2018.09.15"]
[EventType "team-tourn"]
[EventCountry "CRO"]
[SourceTitle "playchess.com"]
[Source "ChessBase"]
[SourceQuality "1"]

{[%evp 14,120,26,30,34,16,27,0,0,12,28,25,17,18,14,0,12,21,23,30,33,7,15,0,89,89,94,93,118,106,102,88,138,56,56,56,59,60,67,5,4,0,0,11,9,0,0,0,0,0,0,0,0,0,0,0,22,25,29,0,0,0,0,0,37,37,29,18,18,18,17,0,0,0,8,8,8,8,85,87,6173,6072,5447,8,8,8,8,8,87,87,29964,29961,29958,29955,6134,8,8,8,8,8,87,8,8,0,89,8,8,0,8]} 1. e4 e5 2. Nf3 Nc6 3. Bb5 f5 4. d3 fxe4 5. dxe4 Nf6 6. O-O d6 7. Qd3 Be7 8. Qc4 {LiveBook: 9 Games. C63: Ruy Lopez: Schliemann/Jaenisch Defence} (8. Nc3 O-O 9. Bc4+ Kh8 10. Ng5 Qe8 11. Ne6 Bxe6 12. Bxe6 Bd8 13. Bh3 Nh5 14. g3 Qg6 15. Bf5 Qf7 16. Be3 {1-0 (35) Harikrishna,P (2744)-Khader,S (2392) Riadh 2017}) 8... Bd7 9. Ng5 {[%csl Gg5][%cal Rc4f7]} Rf8 10. Ne6 {White has an edge.} Bxe6 $1 11. Qxe6 Qd7 12. Qxd7+ Kxd7 13. f3 $146 ({Predecessor:} 13. Nc3 a6 14. Be2 Nd4 15. Bd1 b5 {1-0 (75) Sarrau,J (2202)-Beukema,S (1946) Twente 2007}) 13... a6 14. Bc4 Nd4 15. Bd3 Nh5 16. c3 Ne6 17. g3 Bg5 18. Na3 Rf6 (18... Bxc1 $11 19. Raxc1 g6) 19. f4 $16 {[%cal Bf3f4,Bf4f5][%mdl 32]} Bh6 {[%cal Re5f4]} 20. Be2 $36 {[%mdl 2048] White is in control.} g6 {[%cal Re5f4]} 21. f5 Ng5 22. Kg2 Rg8 23. Bc4 (23. Nc2 $16) 23... Rg7 $1 $14 24. h4 gxf5 25. hxg5 Bxg5 26. Rxf5 ({Inferior is} 26. exf5 Bxc1 27. Be6+ Ke7 $17) (26. Bxg5 $14 Rxg5 27. Rxf5 Rfxf5 28. exf5) 26... Bxc1 $11 27. Rxc1 Nxg3 28. Rxf6 Nxe4+ 29. Kf3 Nxf6 30. Bf1 d5 31. Nc2 Nh5 32. Bh3+ Kd6 33. Bc8 e4+ 34. Ke3 c5 35. Rh1 Nf6 36. Kf4 Rg2 37. Ne3 Rf2+ ({Don't play} 37... Rxb2 $6 38. Rh6 $16) 38. Kg5 {Black must now prevent Rh6.} Ke5 39. Rh6 {Threatens to win with Ng4+.} d4 $1 {[%cal Rd4e3]} 40. cxd4+ cxd4 41. Nc4+ Kd5 42. b3 b5 43. Rxf6 Rxf6 44. Kxf6 bxc4 {[%mdl 4096] Endgame KB-KP} 45. Be6+ Kc5 (45... Kd6 $1 $11 46. Bxc4 d3) 46. Bxc4 $16 a5 $2 {[%mdl 8192]} (46... d3 $16 47. Ke5 Kb4 48. Kxe4 d2) 47. Ke5 $1 $18 {[%cal Re5e4]} e3 48. Bf1 $2 ({White must play} 48. Bd3 $1 $18 {Strongly threatening a3.} h6 49. a3) 48... h5 $11 49. Ke4 h4 50. Kd3 Kd5 (50... Kb4 $11 {keeps the balance.}) 51. a3 $1 $16 Kc5 $2 {[%mdl 8192]} (51... Ke5 $16) 52. Bg2 Kb5 53. Bh3 Kc5 54. Bf1 $2 ({Only move:} 54. Ke2 $1 $18 {Hoping for Bf1.} Kc6 55. Kf3) 54... Kd5 $11 55. b4 axb4 56. axb4 {And now Be2 would win.} Ke5 {[#]} (56... h3 $11) 57. Bg2 (57. Be2 $1 $16) 57... Kd6 $1 58. Bf1 Kd5 {[#]} (58... Ke5 $11 {remains equal.} 59. b5 Kd5) 59. Bh3 (59. Be2 $1 $16) 59... Kc6 60. Bf1 Kb5 {Precision: White = 42%, Black = 43%.} 1/2-1/2

[Event "27th CRO-chT 1B-Men 2018"]
[Site "Biograd"]
[Date "2018.09.19"]
[Round "5.26"]
[White "Srbis, Jurica"]
[Black "Antunac, Goran"]
[Result "0-1"]
[WhiteElo "2428"]
[BlackElo "2359"]
[Annotator "TA"]
[PlyCount "82"]
[EventDate "2018.09.15"]
[EventType "team-tourn"]
[EventCountry "CRO"]
[SourceTitle "playchess.com"]
[Source "ChessBase"]
[SourceQuality "1"]

{[%evp 13,82,52,67,60,72,64,112,88,115,85,93,102,98,74,87,86,83,80,46,0,0,0,0,-31,-22,-43,0,0,97,108,108,98,103,-8,-11,-22,-16,-47,-27,-52,-38,-87,-39,-75,-70,-152,-145,-166,-74,-72,-59,-264,-264,-283,-283,-716,-717,-714,-705,-1140,-1140,-1133,-1132,-1337,-1079,-1064,-1064,-29987,-29988,-29988,-29989]} 1. d4 g6 2. e4 Bg7 3. Nc3 d6 4. Be3 c6 5. Qd2 b5 {[%cal Bb7b5,Bb5b4][%mdl 32]} 6. Bd3 Nd7 7. Nf3 Nb6 8. h3 {B06: Modern Defence} (8. a4 b4 9. Ne2 a5 10. h3 Nf6 11. O-O O-O 12. Ng3 Nbd7 13. c3 bxc3 14. bxc3 c5 15. Rfe1 Qc7 {½-½ (51) Ponomariov,R (2744)-Mamedov,R (2660) Moscow 2010}) 8... a5 9. O-O b4 10. Ne2 {White is better.} Ba6 11. Bxa6 Rxa6 12. Qd3 Ra8 13. a3 $146 ({Predecessor:} 13. c4 bxc3 14. bxc3 Nf6 15. Rab1 O-O {0-1 (70) Agrest,S (2245)-Lanchava,T (2315) Plovdiv 2003}) 13... Nf6 14. axb4 axb4 15. d5 c5 16. Qb5+ Nfd7 17. e5 {Rxa8 is the strong threat.} O-O 18. e6 fxe6 19. Nf4 Rxa1 20. Rxa1 {[#]} Nxd5 (20... Rxf4 $1 $11 {[%mdl 512]} 21. Bxf4 Bxb2) 21. Nxe6 $16 Nc7 22. Nxc7 $1 Qxc7 23. Ng5 ({White must play} 23. Qc4+ $1 $16 Kh8 24. Ng5 Bxb2 25. Ra2) 23... Ne5 $1 $11 (23... Bxb2 24. Ra2 $14) 24. Ne6 Qb8 $36 {[%mdl 2048] White is under pressure.} 25. Qa6 Rc8 26. f4 Nf7 27. Qc4 Qb7 28. Rd1 Bf6 29. h4 ({Better is} 29. b3 $15) 29... Kh8 $17 (29... Bxb2 30. Ng5 $15) (29... Bxh4 30. f5 $15) 30. Nxc5 {[#]} dxc5 (30... Nh6 $1 $19 31. Qe4 Qxe4 32. Nxe4 Bxb2 33. Bd4+ Bxd4+ 34. Rxd4 Rxc2 35. Rxb4 Nf5) 31. Qxf7 Qe4 (31... Bxb2 {[#]} 32. Bxc5 $1 {[%mdl 512]} Qc7 33. Bxe7 $16 (33. Rd5 Bf6 $11)) 32. Bf2 $2 (32. Rd3 $15) 32... Qxc2 $19 33. Re1 Qxb2 34. Bxc5 $2 (34. Qe6 Rb8 35. Bxc5 Bd4+ 36. Bxd4+ Qxd4+ 37. Qe3 Qxe3+ 38. Rxe3) 34... Qc3 35. Bf2 b3 {[%cal Bb4b3,Bb3b2][%mdl 32]} 36. Rxe7 Bxe7 37. Qxe7 {KQR-KQB} b2 38. Qb7 Rd8 {( -> ...Qc1+)} (38... Qc1+ $2 39. Kh2 $19) 39. Kh2 Rd1 40. Qe4 Qf6 ({Inferior is} 40... b1=Q 41. Qe8+ Kg7 42. Qe7+ Kg8 43. Qe8+ Kg7 44. Qe7+ Kh6 45. Qg5+ Kg7 46. Qe7+ $11) 41. Qa8+ Qd8 {Precision: White = 22%, Black = 68%.} 0-1

[Event "27th CRO-chT 1B-Men 2018"]
[Site "Biograd"]
[Date "2018.09.19"]
[Round "5.27"]
[White "Mufic, Goran"]
[Black "Ostovic, Matija"]
[Result "1/2-1/2"]
[WhiteElo "2254"]
[BlackElo "2390"]
[Annotator "NA"]
[PlyCount "102"]
[EventDate "2018.09.15"]
[EventType "team-tourn"]
[EventCountry "CRO"]
[SourceTitle "playchess.com"]
[Source "ChessBase"]
[SourceQuality "1"]
[TimeControl "40/5400+30:1800+30"]

{[%evp 8,100,57,32767,32767,32767,32767,32767,63,53,73,48,60,41,41,24,45,10,39,4,27,24,32,20,32,6,8,8,38,32767,32767,0,0,0,0,-43,-33,-58,-54,-217,-77,32767,32767,32767,32767,32767,32767,32767,32767,32767,32767,32767,32767,32767,32767,32767,32767,-89,-82,32767,32767,32767,32767,32767,32767,32767,32767,32767,32767,-95,-119,-119,-84,-93,-83,-94,-77,32767,32767,32767,32767,32767,32767,32767,32767,32767,-68,-73,0,32767,0,0,0,0,0]} 1. d4 {[%emt 0:00:30]} d6 {[%emt 0:00:30]} 2. Nf3 {[%emt 0:00:30]} Nd7 {[%emt 0:00:30]} 3. e4 {[%emt 0:03:30]} e5 {[%emt 0:00:30]} 4. dxe5 {[%emt 0:02:30]} Nxe5 {[%emt 0:03:30] LiveBook: 29 Games} 5. Nxe5 dxe5 6. Qxd8+ Kxd8 7. Bc4 Ke8 {[%emt 0:07:30]} 8. Be3 {[%emt 0:16:00] C41: Philidor Defence} c6 $146 {[%emt 0:00:30]} ({Predecessor:} 8... Nf6) 9. a4 {[%emt 0:00:30]} Nf6 {[%emt 0:00:30]} 10. f3 {[%emt 0:00:30]} Nd7 {[%emt 0:01:30]} 11. Nd2 {[%emt 0:01:30]} Bc5 {[%emt 0:06:30]} 12. Ke2 {[%emt 0:01:30]} Ke7 {[%emt 0:01:30]} 13. c3 {[%emt 0:00:30]} g6 {[%emt 0:01:30]} 14. h4 {[%emt 0:08:30]} Bxe3 {[%emt 0:01:30]} 15. Kxe3 {[%emt 0:00:30]} f5 {[%emt 0:01:30]} 16. exf5 {[%emt 0:11:00]} gxf5 {[%emt 0:00:30]} 17. g4 {[%emt 0:00:30]} Nb6 {[%emt 0:19:30]} 18. gxf5 {[%emt 0:02:30]} Bxf5 {[%emt 0:01:30]} 19. a5 {[%emt 0:08:30]} Nd5+ {[%emt 0:03:30]} 20. Kf2 {[%emt 0:00:30]} Nf4 {[%emt 0:02:30]} 21. Nf1 {[%emt 0:10:30]} Rad8 {[%emt 0:15:30]} 22. Rh2 {[%emt 0:09:30]} Be6 {[%emt 0:02:30]} 23. Ne3 {[%emt 0:03:30]} (23. Bxe6 $17 {keeps fighting.} Kxe6 24. Ng3) 23... Rhg8 {[%emt 0:05:30]} (23... Rd2+ $19 {and Black stays clearly on top.} 24. Kg1 Nh3+ 25. Kh1 Nf2+ 26. Kg1 Rg8+ 27. Kf1 Nd1 28. Nf5+ Bxf5 29. Bxg8 Rxh2 30. Rxd1 Rxb2) 24. Bxe6 {[%emt 0:00:36]} Kxe6 {[%emt 0:00:30]} 25. Nc4 {[%emt 0:00:38]} b5 {[%emt 0:00:30]} 26. axb6 {[%emt 0:00:02]} axb6 {[%emt 0:00:30]} 27. Kf1 {[%emt 0:00:30]} Rd3 {[%emt 0:00:30]} 28. Nd2 {[%emt 0:00:30]} Rgd8 {[%emt 0:01:30]} 29. Ke1 {[%emt 0:01:46]} Rg8 {[%emt 0:05:11]} 30. Kf1 {[%emt 0:00:27]} Rgd8 {[%emt 0:04:54]} 31. Ke1 {[%emt 0:00:03]} Re3+ {[%emt 0:00:55]} 32. Kd1 {[%emt 0:00:37]} Nd3 {[%emt 0:00:30]} 33. Kc2 {[%emt 0:00:54]} Ne1+ {[%emt 0:00:30]} 34. Kb3 {[%emt 0:00:36]} Nxf3 {[%emt 0:00:32]} 35. Nxf3 {[%emt 0:00:01]} Rxf3 {[%emt 0:00:30]} 36. Ra6 {[%emt 0:00:30]} Rb8 {[%emt 0:00:30]} 37. Ra7 {[%emt 0:00:30]} Rf7 {[%emt 0:00:27]} 38. Ra4 {[%emt 0:00:24]} b5 {[%emt 0:01:59]} 39. Ra6 {[%emt 0:00:28]} Kd5 {[%emt 0:00:28]} 40. Rd2+ {[%emt 0:00:00]} Kc5 {[%emt 0:00:00]} 41. Kc2 {[%emt 0:03:21]} b4 {[%emt 0:02:19]} 42. Ra5+ {[%emt 0:08:30]} Rb5 {[%emt 0:00:30]} 43. Ra8 {[%emt 0:02:30]} bxc3 {[%emt 0:02:30]} 44. bxc3 {[%emt 0:01:30]} Re7 {[%emt 0:04:30]} 45. h5 {[%emt 0:02:30]} e4 {[%emt 0:01:30]} 46. h6 {[%emt 0:00:30]} Reb7 {[%emt 0:09:07]} 47. Ra2 {[%emt 0:01:30]} Kb6 {[%emt 0:01:06]} ({Better is} 47... e3 $17 48. Re2 Re7) 48. c4 {[%emt 0:04:30]} Rb4 {[%emt 0:01:37]} 49. Kc3 {[%emt 0:00:30]} Kc7 {[%emt 0:00:15]} 50. Kd4 {[%emt 0:00:30]} Kd6 $11 {[%emt 2:12:53]} 51. Ra5 {[%emt 2:04:30]} Kc7 {[%emt 0:05:09]} 1/2-1/2

[Event "27th CRO-chT 1B-Men 2018"]
[Site "Biograd"]
[Date "2018.09.19"]
[Round "5.28"]
[White "Ivekovic, Zvonimir"]
[Black "Doric, Nenad"]
[Result "0-1"]
[WhiteElo "2424"]
[BlackElo "2249"]
[Annotator "TA"]
[PlyCount "80"]
[EventDate "2018.09.15"]
[EventType "team-tourn"]
[EventCountry "CRO"]
[SourceTitle "playchess.com"]
[Source "ChessBase"]
[SourceQuality "1"]

{[%evp 13,80,22,17,-13,8,-29,0,0,0,0,2,0,21,-8,0,-28,0,-16,-17,-35,-23,-11,-27,-52,-52,-54,-47,-65,-9,-34,0,-29,20,-83,-36,-29,-33,-33,-29,-91,-87,-118,-100,-141,-133,-144,-118,-139,-107,-122,-107,-108,-108,-209,-215,-293,-282,-280,-262,-333,-317,-475,-468,-603,-574,-6195,-5673,-1193,-838]} 1. e4 e5 2. Nf3 Nc6 3. d4 exd4 4. Nxd4 Nf6 5. Nxc6 bxc6 6. e5 Ne4 7. Qe2 Nc5 {LiveBook: 7 Partien. C45: Schottische Partie} 8. b3 (8. g3 Be7 9. Bg2 O-O 10. O-O Rb8 11. Rd1 Qe8 12. c4 f6 13. Nc3 fxe5 14. Qxe5 Ne6 15. Ne4 {1-0 (23) Georgiev,K (2682)-Todorovic,G (2390) Cetinje 2012}) 8... a5 $146 ({Vorgänger:} 8... Qh4 9. Be3 Ba6 10. c4 O-O-O 11. Nd2 Qe7 12. f4 f6 13. Bd4 Ne6 14. exf6 {1-0 (30) Rodriguez Vila,A (2524)-Ligato,G (2002) Buenos Aires 2009}) 9. Bb2 {[%cal Bc1b2,Bb2a1,Ba1c3][%mdl 32]} a4 {Schwarz hat minimalen Vorteil.} 10. Nd2 axb3 11. axb3 Rxa1+ 12. Bxa1 Ba6 13. c4 Ne6 14. Bc3 Qb8 15. Qf3 Bb4 16. Be2 O-O 17. O-O c5 18. Ne4 Bxc3 19. Qxc3 Bb7 $1 {[%cal Rb7e4]} 20. Bd3 d6 (20... Bxe4 $15 21. Bxe4 g6) 21. Re1 Re8 22. Ng3 Nd4 23. b4 (23. exd6 $11 {war der einzige Weg, das Gleichgewicht zu behalten.} Rxe1+ 24. Qxe1 cxd6 25. Qe7) 23... Rxe5 24. bxc5 {[#] Und Tb1 würde nun gewinnen.} Rxe1+ 25. Qxe1 dxc5 26. Qb1 (26. Qe5 $11) 26... Qa8 $17 27. f3 h6 28. Be4 Bxe4 29. Nxe4 Qa5 30. h3 Qb4 31. Qd3 Qe1+ 32. Kh2 f5 33. Nc3 {[#]} (33. Qd2 $17 Qf1 34. Nxc5 Qxc4 35. Nd3) 33... c6 $1 $19 34. f4 Qf2 35. Qg3 Qf1 36. h4 Qxc4 37. h5 (37. Qe3 $142) 37... Ne6 {Schwarz steht klar auf Gewinn.} 38. Qg6 Qxf4+ ({Lieber nicht} 38... Qxc3 39. Qxe6+ Kh8 40. Qe8+ Kh7 41. Qg6+ Kh8 42. Qe8+ Kh7 43. Qg6+ Kh8 44. Qe8+ $11) 39. g3 Qd2+ 40. Kh1 Nf8 {Precision: Weiß = 26%, Schwarz = 56%.} 0-1